000 00438nam a2200181Ia 4500
005 20240823050652.0
008 240823s9999||||xx |||||||||||||| ||und||
041 _aENGLISH
082 _A801.954 N1
100 _aNagarajan.M.S
245 0 _aEssays in Criticism on Indian Literature In English
250 _a1st
260 _c1991
_b"S Chand,New Delhi"
500 _aYES
650 _aENG
_bEnglish
942 _cBK
999 _c217787
_d217787